| 000 | 00869nam a22002297a 4500 | ||
|---|---|---|---|
| 942 | _cBK | ||
| 999 |
_c559 _d559 |
||
| 005 | 20250420134816.0 | ||
| 008 | 200806b ||||| |||| 00| 0 eng d | ||
| 020 | _a9780805856088 | ||
| 040 | _cKCST | ||
| 082 |
_a808.042071 _bWr |
||
| 245 |
_aThe writing center director's resource book / _cChristina Murphy; Byron L Stay, editors |
||
| 260 |
_aMahwah, N.J. : _bLawrence Erlbaum Associates, Publishers, _c2005. |
||
| 300 | _a451 p. | ||
| 650 |
_aEnglish language _vRhetoric _vStudy and teaching _vHandbooks, manuals, etc. _94915 |
||
| 650 |
_aReport writing _vStudy and teaching (Higher) _vHandbooks, manuals, etc. _94916 |
||
| 650 |
_aWriting centers _vAdministration _vHandbooks, manuals, etc. _94917 |
||
| 655 |
_aHandbooks, manuals, etc. _94918 |
||
| 700 |
_aMurphy, Christina _eeditor _94919 |
||
| 700 |
_aStay, Byron L. _eeditor _94920 |
||
| 942 | _2ddc | ||